Liptovská spoločnosť A-projekt od realít k cestovnému ruchu

Vytvorenie manažérskeho subjektu spoločnosti s r.o. A-projekt Prvou liptovskou realitnou kanceláriou a Agentúrou pre rozvoj podtatranského regionu. Úloha spoločnosti - pomôcť rozvíjať vidiecky turizmus založený na vidieckom dome, gazdovstve a hodnotách Liptova. Modelový projekt z Kvačian.

Guardado en:
Detalles Bibliográficos
Autor principal: Beer, Gabriel
Formato: Capítulo de libro
Lenguaje:eslovaco
Materias:
Etiquetas: Agregar Etiqueta
Sin Etiquetas, Sea el primero en etiquetar este registro!

MARC

LEADER 00000naa a2200000 4500
001 r000930
005 20221213114536.0
041 0 |a slo 
044 |a SK 
245 1 0 |a Liptovská spoločnosť A-projekt od realít k cestovnému ruchu  |c G. Beer 
520 |a Vytvorenie manažérskeho subjektu spoločnosti s r.o. A-projekt Prvou liptovskou realitnou kanceláriou a Agentúrou pre rozvoj podtatranského regionu. Úloha spoločnosti - pomôcť rozvíjať vidiecky turizmus založený na vidieckom dome, gazdovstve a hodnotách Liptova. Modelový projekt z Kvačian. 
610 2 0 |a agroturistika 
610 2 0 |a vidiek 
610 2 0 |a ruch cestovný 
610 2 0 |a kancelárie realitné 
610 2 0 |a A-projekt, s.r.o. Liptovský Hrádok 
610 2 0 |a Liptov 
100 1 |a Beer, Gabriel